000
00326 a2200157 4500
001
184338
020
_a
040
_c
Magnum
100
_a
Borges, Anselma
240
1
0
_a
A força do amor
_l
por
245
1
0
_a
A força do amor
300
_a
78
440
1
_a
Edições Loyola
697
_a
LITERATURA JUVENIL
942
_c
BK
999
_c
184338
_d
184338